000 00939nam a2200217 a 4500
003 0
005 20250514083133.0
008 041216s19uu xx 00 eng d
050 _aPGS LB 1574.5
_b.F385 2002
100 _aFerrer, Jeanne Carla Tan.
245 _aThe effects of habitual texting in the spelling proficiency of grade six students of Southville International School, School Year 2001-2002 /
_cJeanne Carla Tan Ferrer.
260 _aLas PiƱas City, Philippines :
_bSouthville International School and Colleges,
_c2002.
300 _a24 pages :
_billustrations ;
_c28 cm.
504 _aIncludes bibliographical references.
650 _aText messaging (Cell phone systems).
650 _aSpelling ability
_vTesting.
650 _aAcademic achievement.
650 _aCommunication
_vTechnological innovations.
650 _aEnglish language
_vOrthography and spelling
_vStudy and teaching (Elementary).
942 _2lcc
_cPASS
999 _c96619
_d96619